000 00633nam a22002177a 4500
003 DO-SdBNP
005 20171127113526.0
008 161031b 1987 xxu a 00| 0 spa d
020 _a0910079056
040 _aBPMSU
_bspa
_cBPMSU
082 _axxxx
_bxxxx
100 _aJensen, Karen
245 1 0 _aGoldilocks and the three bears /
_cKaren Jensen ; ilustración Lucy Rigg
260 _aWashington :
_bLucy & company,
_c1987.
300 _a[16] p. :
_bil.
_c25 cm.
700 1 _aRigg, Lucy
_eil.
910 _a000144
942 _2ddc
_cBK
945 _aInventariado extranjero / 2017 YL
956 _aYLOCKWARD
_b10
_c20171127
_d144
999 _c13117
_d13117